Statistics for Top 10 Croatian PL scorers

Click here to take the quiz!

General Stats

  • This quiz has been taken 65 times
  • The average score is 4 of 10

Answer Stats

Hint Answer % Correct
13Modric
96%
10Suker
81%
20Kranjcar
63%
29Jelavic
51%
6Eduardo
46%
22Boksic
37%
7Asanovic
26%
20Klasnic
25%
7Stanic
25%
7Kalanic
0%

Score Distribution

Percentile by Number Answered

Percent of People with Each Score

Your Score History

You have not taken this quiz